Landmark by Uncommon Photo Quiz Stats

 Plays Quiz Updated Jul 29, 2016

Also try: Lego Landmarks
Challenge
Share
Tweet
Score 0/25 Timer 10:00
0 Plays Today
% Correct
Sydney Opera House
96.5%
Great Pyramid of Giza
95.2%
Central Park
93.7%
Mona Lisa
90.7%
Stonehenge
89.4%
Arc de Triomphe de l'Étoile
89.2%
Mount Everest
87.9%
Hollywood Sign
86.5%
Mount Rushmore
80.8%
Buckingham Palace
77.9%
Easter Island
75.5%
Taj Mahal
73%
Forbidden City
72.8%
% Correct
Kremlin
59%
Big Ben
53.9%
The Great Wall of China
53.8%
Angel Falls
53%
Brandenburg Gate
52.9%
Sagrada Família
51.3%
Little Mermaid Statue
43.8%
Gateway Arch
37.9%
Panama Canal
37.1%
Saint Paul's Cathedral
31.8%
Tō-ji Temple
29.5%
Dead Sea
14.1%

You're not logged in!

Compare scores with friends on all Sporcle quizzes.
Join for Free
OR
Log In

You Might Also Like...

Show Comments

Extras

Top Quizzes Today


Score Distribution

Your Account Isn't Verified!

In order to create a playlist on Sporcle, you need to verify the email address you used during registration. Go to your Sporcle Settings to finish the process.

Report this User

Report this user for behavior that violates our Community Guidelines.

Details: